Privilege the making of an adolescent elite at St. Paul's School (Registro nro. 165876)

Detalles MARC
000 -ENCABEZADO
Número de control [NR] 00970nam a22002297a 4500
008 - DE LONGITUD FIJA DE DATOS DE ELEMENTOS - INFORMACIÓN GENERAL
Elementos de longitud fija [NR] 130821s2011 xxu gr eng
020 ## - NUMERO INTERNACIONAL NORMALIZADO PARA LIBROS [R]
Número Internacional Normalizado del libro [NR] 9780691145280
040 ## - FUENTE DE CATALOGACION [NR]
Agencia de catalogación original [NR] CO-BoUCM
Quien Cataloga
Quien Clasifica Aldemar Mondragón
Idioma de catalogación [NR] spa
041 00 - CODIGO DE IDIOMA [R]
Código de idioma para texto/pista de sonido o título separado [R] Inglés
100 1# - ASIENTO PRINCIPAL--NOMBRE PERSONAL [NR]
Nombre personal [NR] Shamus Rahman, Khan
ID Autoridad 32923
245 10 - MENCION DE TITULO [NR]
Título [NR] Privilege the making of an adolescent elite at St. Paul's School
Mención de responsabilidad, etc. [NR] Shamus Rahman Khan
260 ## - PUBLICACION, DISTRIBUCION, ETC. (PIE DE IMPRENTA) [R]
Lugar de publicación, distribución, etc. [R] Princeton (Nueva Jersey, Estados Unidos)
Nombre del editor, distribuidor, etc. [R] Princeton University Press
Fecha de publicación, distribución, etc. [R] 2011
300 ## - DESCRIPCION FISICA [R]
Extensión [R] 232 páginas
490 0# - MENCION DE SERIE [R]
Mención de serie [R] Princeton Studies in Cultural Sociology
504 ## - NOTA DE BIBLIOGRAFIA, ETC. [R]
Nota de bibliografía, etc. [NR] Incluye referencias bibliográficas e índices
610 20 - ASIENTO SECUNDARIO DE MATERIA - NOMBRE CORPORATIVO [R]
Nombre corporativo o nombre de la jurisdicción como elemento de entrada [NR] St. Paul's School (Concord, N.H.)
Subdivisión general [R] Historia
9 (RLIN) 32924
650 #7 - ASIENTO SECUNDARIO DE MATERIA - TERMINO TEMATICO [R]
Término temático o nombre geográfico como elemento de entrada [NR] Internados
Subdivisión general [R] Aspectos sociales
Subdivisión geográfica [R] New Hampshire
-- Concord.
9 (RLIN) 32926
650 #7 - ASIENTO SECUNDARIO DE MATERIA - TERMINO TEMATICO [R]
Término temático o nombre geográfico como elemento de entrada [NR] Internados
Subdivisión geográfica [R] New Hampshire
-- Concord
Subdivisión general [R] Historia
9 (RLIN) 32925
690 ## - ASUNTO AGREGADO LOCAL DE ENTRADA - TÉRMINO TEMÁTICO (OCLC, RLIN)
Acceso temático local Teoría de la educación
942 ## - ELEMENTOS DE ENTRADA AGREGADOS (KOHA)
Tipo de ítem principal el descrito en 300a Libro
Tema principal Educación
Edición 1
Parte restante de la signatura top. S528p
Sistema de clasificación DEWEY
Clasificación 373.74272
Existencias
Fecha de último préstamo Total préstamos Total Renewals Signatura topográfica Código de barras Última vez visto Ejemplar Price effective from Tipo de ítem Perdido Sistema de clasificación Dañado No prestable Tipo de ítem específico Suprimido Ubicación habitual Ubicación actual Localización Fecha de creación Forma de adquisición Costo Costo de reposición Proveedor
06/06/2019 7 14 373.74272 S528p 100130662 05/12/2025 Ej.1 18/03/2013 Libro   DEWEY     Libro   Claustro Claustro 2do piso 12/03/2013 Compra 41000.00    
      373.74272 S528p 100162041 05/12/2025 Ej.2 12/06/2019 Libro   DEWEY     Libro   Claustro Claustro 2do piso 12/06/2019 Compra 57614.00 57614.00 15
      373.74272 S528p 100162042 05/12/2025 Ej.3 12/06/2019 Libro   DEWEY     Libro   Claustro Claustro 2do piso 12/06/2019 Compra 57614.00 57614.00 15